Littérature Française - Statistiques

Statistiques générales
  • Ce quiz a été pris 1 053 fois
  • Le résultat moyen est 11 sur 15
Statistiques - réponses
Hint Réponse % Correct
Quel écrivain et philosophe du XVIIIe siècle, proche du mouvement des Lumières, a écrit Candide ou l’Optimisme ? Voltaire
92%
Quel écrivain du XXe siècle, prix Nobel de littérature, est l’auteur de L’Étranger et La Peste, incarnant l’absurde et la révolte ? Albert Camus
90%
Quel auteur est considéré comme l’un des chefs de file du Réalisme en France avec son œuvre Madame Bovary ? Gustave Flaubert
88%
Quel recueil de poèmes, publié en 1857 par Charles Baudelaire, explore le thème du spleen et marque un tournant dans la poésie française ? Les Fleurs du mal
88%
Quel mouvement littéraire du XIXe siècle, initié par Victor Hugo, prône la liberté d’expression, l’exaltation des sentiments et le rejet des règles classiques ? Le Romantisme
87%
Quel roman de Stendhal, publié en 1830, raconte l’ascension et la chute de Julien Sorel dans une société marquée par l’hypocrisie ? Le Rouge et le Noir
86%
Quel écrivain français du XIXe siècle, maître du drame romantique, est l’auteur d’Hernani et Les Contemplations ? Victor Hugo
82%
Quel dramaturge du XVIIe siècle est l’auteur de Le Cid, Horace et Cinna ? Corneille
81%
Quel écrivain réaliste du XIXe siècle a écrit Le Père Goriot et Illusions perdues, explorant la société française post-révolutionnaire ? Honoré de Balzac
74%
Quel poète du XXe siècle, auteur d’Alcools, est connu pour avoir modernisé la poésie en supprimant la ponctuation ? Guillaume Apollinaire
67%
Quel mouvement littéraire et artistique du XIXe siècle, incarné par Zola en littérature, vise à représenter la réalité sociale avec une approche quasi-scientifique ? Le Naturalisme
63%
Quel mouvement littéraire du XXe siècle, s’inspire de l’inconscient, du rêve et du hasard ? Le Surréalisme
62%
Quel courant littéraire du XVIIe siècle met en avant la clarté du style, la raison et les règles strictes du théâtre ? Le Classicisme
55%
Quel poème célèbre d’Arthur Rimbaud, rédigé à 17 ans, évoque un voyage halluciné et une quête poétique absolue ? Le Bateau ivre
29%
Quel genre théâtral du XIXe siècle, popularisé par Victor Hugo, rejette les règles classiques et mélange le sublime et le grotesque ? Le Drame romantique
15%
Aucun quiz correspondant
Distribution des résultats
% des personnes avec chaque résultat
Percentile par nombre de réponses
Votre historique - résultats
Vous n’avez pas pris ce quiz